000 00641nam a2200181Ia 4500
008 090124s9999 xx 000 0 und d
082 _b27942
_a3708
100 _aसावंत वसंत
245 _a प्रवास वर्णन : एक वाङमय प्रकार
250 _a1
260 _c1987
300 _a449
600 _aसावंत वसंत
630 _a प्रवास वर्णन : एक वाङमय प्रकार
700 _aसावंत वसंत
730 _a प्रवास वर्णन : एक वाङमय प्रकार
942 _cBOOK
999 _c141404
_d141404